| 000 | 00000nas##2200000za#4500 |
| 001 | 9.514535 |
| 003 | CaOODSP |
| 005 | 20210615082857 |
| 007 | ta |
| 008 | 150406c2001||||xxc|| m #||||f| |0eng|d |
| 022 | |a1497-2689 |
| 040 | |aCaOODSP|beng |
| 043 | |an-cn--- |
| 086 | 1 |aEn1-34E |
| 110 | 1 |aCanada.|bEnvironment Canada. |bNational Guidelines and Standards Office. |
| 245 | 10|aEcosystem health, science-based solutions |
| 260 | |aOttawa - Ontario : |bEnvironment Canada. |
| 310 | |aIrregular |
| 362 | 1 |a1-1 -- 1-9 |
| 500 | |a"Scientific supporting document" |
| 546 | |a(Résumés en français.) |
| 563 | |aSpiral binding |
| 775 | 08|tLa santé de l'écosytème, solutions fondées sur la science |w(CaOODSP)9.513397 |
| 776 | 0#|tEcosystem health, science-based solutions |w(CaOODSP)9.504504 |